1377 1532 1000 1585 1516 1181 1908 1677 1309 1844 1092 1546 1777 1313 1935 1439 1334 1728 1725 1016 1620 1709 1127 1214 1895 1013 1356 1700 1426 1122 1593 1672 1533 1261 1713 1497 1476 1859 1592 1039 1131 1474 1612 1621 1186 1399 1305 1706 1470 1095 1246 1514 1799 1324 1447 1878 1417 1066 1525 1067 1431 1491 1537 1575 1165 1189 1262 1133 1075 1452 1822 1100 1682 1267 1855 1919 1802 1022 1607 1345 1267 1183 1236 1591 1774 1835 1373 1834 1103 1262 1436 1243 1590 1575 1864 1969 1453 1661 1468 BCNSPRNW ULIB Ver.6.0+V

เปลี่ยนเป็นภาษาไทย

Change to English
 แสดงรายละเอียดบรรณานุกรม
  กลับหน้าหลัก

Brief Record : Get Marc (ISO 2709) : E-mail record : QR code < ปิดหน้าต่าง
LEADER : 00000nam 2200000uu 4500
001    13399123508
003     ULIB
008    141002s2557||||th 000 0 tha d
020    9786167388564
060 04 ^aWJ300^bบ253E
100 0  ^aบัญชา สถิระพจน์,^eบรรณาธิการ
245 00 ^aEssential nephrology 2nd edition/^cคณะบรรณาธิการ ; บัญชา สถิระพจน์ ... [และคนอื่นๆ]
250    ^aพิมพ์ครั้งที่ 1
260    ^aกรุงเทพฯ :^bโครงการตำราวิทยาลัยแพทยศาสตร์พระมงกุฎเกล้า, ^c2557
300    ^a734 หน้า :^bภาพประกอบ ;^c26 ซม.
650  4 ^aไต, โรค^xการรักษา
650  4 ^aไต, โรค^xการวินิจฉัย
700 0  อำนาจ ชัยประเสริฐ
700 0  เนาวนิตย์ นาทา
700 0  ประเจษฏ์ เรืองกาญจนเศรษฐ์
700 0  อุปถัมภ์ ศุภสินธุ์
700 0  พรรณบุปผา ชูวิเชียร
710 2  ^aวิทยาลัยแพทยศาสตร์พระมงกุฏเกล้า. ^bโครงการตำรา
945    ^p550^l0^i20940
945    ^p550^l0^i20941
945    ^p550^l0^i20942
999    ^aทศพร เกษรทอง
รายการนี้ยังไม่มีแท็ก
คุณยังไม่ได้ล็อกอิน คุณสามารถมีกิจกรรมร่วมกับเว็บไซต์ได้ แต่ต้องล็อกอินก่อน ::
  ล็อกอิน

รายการสื่อสารสนเทศ

ลำดับที่ ประเภท เลขเรียก/บาร์โค้ด สถานที่ สถานะ
1. วิทยาศาสตร์การแพทย์ และสุขภาพ
วิทยาศาสตร์การแพทย์ และสุขภาพ
สถานะ=หนังสือเก่า
WJ300 บ253E ฉ.1 
  Barcode: 20940
ห้องสมุดวิทยาเขตนครสวรรค์
►ส่วนจัดเก็บหนังสือเก่า นว.
บนชั้น
  ขอยืม
2. วิทยาศาสตร์การแพทย์ และสุขภาพ
วิทยาศาสตร์การแพทย์ และสุขภาพ
สถานะ=หนังสือเก่า
WJ300 บ253E ฉ.2 
  Barcode: 20941
ห้องสมุดวิทยาเขตนครสวรรค์
►ส่วนจัดเก็บหนังสือเก่า นว.
บนชั้น
  ขอยืม
3. วิทยาศาสตร์การแพทย์ และสุขภาพ
วิทยาศาสตร์การแพทย์ และสุขภาพ
สถานะ=หนังสือเก่า
WJ300 บ253E ฉ.3 
  Barcode: 20942
ห้องสมุดวิทยาเขตนครสวรรค์
►ส่วนจัดเก็บหนังสือเก่า นว.
บนชั้น
  ขอยืม

รายการใกล้เคียง
    ผู้แต่ง [บัญชา สถิระพจน์, บรรณาธิการ]

BibComment


ยังไม่เคยถูกคอมเมนท์

คอมเมนท์ทรัพยากรรายการนี้
  คอมเมนท์: Essential nephro..


 Copyright 2026. Bcnsprnw @Library